000 01040nam a2200265Ia 4500
003 OSt
005 20221005103248.0
006 a|||||r|||| 00| 0
007 ta
008 221004b |||||||| |||| 00| 0 hin d
020 _a818841915X (hbk)
_cINR 395.00
024 _a64873
037 _b255, 18/12/2019, Eastern Book Linkers
_cTextual
040 _aCRL
_cCRL
_bhin
041 _2hin
_ahin
082 _aQ41:22522, 152Q0
100 _aजयप्रकाश, ‘विलक्षण’, ले.
245 0 _aबोधिसत्व से बुद्ध तक जातक कथाएॅं
246 _aBodhisatva se buddha tak jātak kathāeॅan
260 _aगाजियाबाद
_bअमर प्रकाशन भारत
_c2010
300 _a224पृ0
_ccm.
650 _aबौद्ध धर्म
942 _hQ41:22522, 152Q0
_cTEXL
_2cc
999 _c1009725
_d1009725